00641nam a2200205Ia 450000500170000000800410001704000190005804100120007708200160008910000280010524500730013325000160020626000450022230000270026750400500029463000350034465000250037965100210040485000100042520240215090559.0131103s9999 xx 000 0 und d aLoreto College aEnglish a352.14bMUK aMukhopadhyay,Asok Kumar 4aThe pamchayat administration in West BengalcAsok Kumar Mukhopadhyay a2nd enl.ed. aCalcuttabThe World Press Pvt.Ltd.c1980 ax,215 p.b illus.,maps aIncludes bibliographical references and index aWest Bengal - Local Government aLocal Administration aLocal Government aLCLIB